00842cam a22002054a 4500020004200000040000800042082002600050100002000076245006900096260003100165300005800196650002300254650001300277856006000290856006800350856005900418942000700477999001700484952013500501 a0471229466 (Paper/CDROM : alk. paper) cDLC00a005 WIL 2003 A007 Or.1 aChirillo, John,10aHack attacks testing :bhow to conduct your own security audit / aNew York :bWiley,cc2003. axvi, 540 p. :bill. ;c24 cm.e+ 1 CD-ROM (4 3/4 in.) 0aComputer security. 0aHackers.42uhttp://www.loc.gov/catdir/bios/wiley046/2002152542.html42uhttp://www.loc.gov/catdir/description/wiley0310/2002152542.html41uhttp://www.loc.gov/catdir/toc/wiley031/2002152542.html cEK c12476d12476 0010406005_000000000000000_WIL_2003_A007_OR70962233aLBAbLBAcA007d2017-08-14o005 WIL 2003 A007 Or.pA17874r2017-08-14yEK